Advertising in action

Saved in:
Bibliographic Details
Main Author: Harris, Ralph
Format: Book
Language:Undetermined
Published: London The Institute of Economic Affairs 1962
Subjects:
Tags: Add Tag
No Tags, Be the first to tag this record!
Institutions: Trung tâm Học liệu Trường Đại học Cần Thơ
LEADER 00507nam a2200193Ia 4500
001 CTU_83467
008 210402s9999 xx 000 0 und d
082 |a 659.1 
082 |b H313 
100 |a Harris, Ralph 
245 0 |a Advertising in action 
245 0 |c Ralph Harris 
260 |a London 
260 |b The Institute of Economic Affairs 
260 |c 1962 
650 |a Advertising 
650 |z Great britain 
904 |i QHieu(sửa) 
980 |a Trung tâm Học liệu Trường Đại học Cần Thơ